01589cam a22003495a 4500001001000000003000400010005001700014008004100031020003000072020002700102040003600129082002000165100002800185245011300213250002500326260005000351300002900401500002700430504005300457650005300510650003900563650005100602651001000653653002500663700002800688700002400716942000800740999001700748952015800765952015800923952015801081016771046OSt20201128023634.0150528t2015 enka frbd 001 0 eng d a9781292016795 (paperback) a1292016795 (paperback) aStDuBDSbengcStDuBDSdEG-ScBUE04a658.18222bDAN1 aDaniels, John D.93936710aInternational business :benvironments and operations /cJohn D. Daniels, Lee H. Radebaugh, Daniel Sullivan. a15th ed., Global ed. aHarlow :bPearson Education Limited,cc.2015. a896 p. :bill. ;c28 cm. aGlossary : p. 853-862. aIncludes bibliographical references and indexes. 7aInternational business enterprises.2BUEsh91592 7aInvestments, Foreign.2BUEsh93037 7aInternational economic relations.930362BUEsh 2BUEsh bBUSADMcFebruary20161 aRadebaugh, Lee H.930381 aSullivan, Daniel P. 2ddc c21165d21137 00102ddc40708AcademicaMAINbMAINc1STd2016-02-16ePurchaseg336.00h4865l5m44o658.18 DANp000031567r2025-07-15 00:00:00s2019-12-18v412.50yBB 00102ddc40708AcademicaMAINbMAINc1STd2016-02-16ePurchaseg336.00h4865l3m19o658.18 DANp000031568r2025-07-15 00:00:00s2019-12-18v412.50yBB 00102ddc40708AcademicaMAINbMAINc1STd2016-02-16ePurchaseg330.00h4865l1m20o658.18 DANp000031569r2025-07-15 00:00:00s2019-10-22v412.50yBB